000 00766nam a2200217Ia 4500
003 GCL
008 140319s9999 xx 000 0 ara d
020 _a1383270977
040 _aGCL /
_cGCL
082 0 4 _aق
_b962.16
_bع ق
100 1 _aعرفه عبده على
245 1 0 _aالقاهرة فى عصر اسماعيل /
_cعرفه عبده على
250 _aالاولى
260 _aالقاهرة :
_bالدار المصرية اللبنانية ،
_c1998
300 _a188 ص ؛
_c24 سم
490 _aالهيئة العامة للاستعلامات
_v0
650 0 4 _aالقاهرة
650 0 4 _aالقاهرة - تاريخ
650 0 4 _aمصر - تاريخ - العصر الحديث - عصر اسماعيل ( 1863-1879 م )
942 _2ddc
_cBK
999 _c51783
_d51783